Statistics for The Office trivia (very hard)

Click here to take the quiz!

General Stats

  • This quiz has been taken 22,447 times
    (21,877 since last reset)
  • The average score is 14 of 30

Answer Stats

HintAnswer% Correct
20Item of Dwight's that Jim puts in jellostapler
82%
7State that Michael moves to with HollyColorado
81%
9Number of days until the next pretzel day364
75%
5Name of the bad pizza place Michael orders from for Ryan's launch partypizza by alfredo
64%
28Decapitated while driving drunkEd Truck
63%
8Specific city that Michael moves to with HollyBoulder
60%
12Name of Jan's candle companySerenity by Jan
60%
11Food that Ryan started the fire withcheese pita
54%
21Item of Michael's that Jim puts in jellomug
54%
14Name of Michaels offensive Asian characterPing
54%
6Name of the good pizza place they eventually order fromalfredo's pizza cafe
53%
1Song Michael uses to entice people to cafe discogonna make you sweat (everybody dance now)
53%
17Song Andy (and Dwight) sing to impress Erincountry roads, take me home
48%
22Item of Andy's that Jim puts in Jellocalculator
47%
3What Michael sells at his telemarketing jobdiet pills (lipophedrine)
47%
24Gang resolution tactic that Darryl teaches Michaelfluffy fingers
47%
23Break me of a piece of that ______!fancy feast
46%
4Name of booze cruise captainCaptain Jack
42%
2Gabe's middle nameSusan
38%
16Song Andy sings to impress Angelatake a chance on me
37%
26Fancy mens shoe store Michael plans to startshoe lala
33%
29Who Creed thinks was decapitated (YOU'RE NOT REAL MAN)Dwight
32%
18Receptionist who fills in for Pam while she's at art schoolRonni
32%
19Band Creed used to play inthe grass roots
29%
27Amount of pounds Jim pledges to lose for the weight loss initiative65
28%
10Nickname of large warehouse employee played by Patrice O'Nealsea monster
27%
13Tagline of Michaels Dunder Mifflin commerciallimitless paper, in a paperless world
23%
25Restaurant Michael plans to start even though he can't cookMike's cereal shack
20%
15Song Andy sings to impress Pamrainbow connection
16%
30The certificate on Michaels wall proves that he is the proud owner of a __________quality seyko timepiece
12%

Score Distribution

Percentile by Number Answered

Percent of People with Each Score

Your Score History

You have not taken this quiz since the last reset